MARC

LEADER 00000nam0a2200000 4500
001 316938
005 20231102002927.0
020 |a RU  |b 82-49492 
035 |a (RuTPU)RU\TPU\book\342406 
090 |a 316938 
100 |a 20160401d1981 km y0rusy5003 ca 
101 0 |a rus 
102 |a RU 
105 |a a z 001zy 
200 1 |a Автоматизация горно-обогатительных процессов цветной металлургии  |e сборник научных трудов  |f Всесоюзный научно-исследовательский и конструкторский институт "Цветметавтоматика" ; под ред. Н. А. Абросимова 
210 |a Москва  |c Изд-во Ин-та "Цветметавтоматика"  |d 1981 
215 |a 86 с.  |c ил. 
225 1 |a Тематический сборник научных трудов  |v Вып. 2 (20) 
320 |9 572  |a Библиогр. в конце ст. 
606 1 |a Руды цветных металлов  |x Обогащение  |x Автоматизация  |x Экономическая эффективность  |2 stltpush  |3 (RuTPU)RU\TPU\subj\26273  |9 50239 
610 1 |a горно-обогатительное производство 
610 1 |a цветная металлургия 
610 1 |a вызовы 
610 1 |a кодирующие устройства 
610 1 |a флотационные установки 
610 1 |a управление 
610 1 |a системы управления 
610 1 |a технологические процессы 
610 1 |a оптимальное управление 
610 1 |a дерево решений 
610 1 |a измерительные схемы 
610 1 |a автогенераторные устройства 
675 |a 622.7.012  |z rus  |v 3 
702 1 |a Абросимов  |b Н. А.  |g Николай Алексеевич  |4 340 
712 0 2 |a Всесоюзный научно-исследовательский и конструкторский институт "Цветметавтоматика"  |c (Москва)  |2 stltpush  |3 (RuTPU)RU\TPU\col\21693  |9 28113 
801 0 |a RU  |b RuMRKP  |c 19950704  |g psbo 
801 1 |a RU  |b 63413507  |c 20160401 
801 2 |a RU  |b 63413507  |c 20200720  |g RCR 
942 |c BK